Capital Cities Furthest from the Equator - Statistics

General Stats
  • This quiz has been taken 27 times
  • The average score is 14 of 20
Answer Stats
City % Correct
Moscow
100%
Oslo
100%
Stockholm
100%
Helsinki
96%
Reykjavik
96%
Copenhagen
92%
Riga
92%
Vilnius
92%
Minsk
88%
Tallinn
88%
Amsterdam
80%
Dublin
80%
Berlin
76%
Warsaw
76%
Nuuk
52%
Tórshavn
28%
Longyearbyen
20%
Douglas
4%
Stanley
4%
King Edward Point
0%
No matching quizzes found
Score Distribution
Percent of People with Each Score
Percentile by Number Answered
Your Score History
You have not taken this quiz